Dhartī kī karvaṭ : (Record no. 82025)
[ view plain ]
| 000 -LEADER | |
|---|---|
| fixed length control field | 00651cam a22002054a 4500 |
| 001 - CONTROL NUMBER | |
| control field | sa 68007760 |
| 003 - CONTROL NUMBER IDENTIFIER | |
| control field | DLC |
| 005 - DATE AND TIME OF LATEST TRANSACTION | |
| control field | 20260227112525.0 |
| 008 - FIXED-LENGTH DATA ELEMENTS--GENERAL INFORMATION | |
| fixed length control field | 060830s1966 ii 000 0 urdo |
| 010 ## - LIBRARY OF CONGRESS CONTROL NUMBER | |
| LC control number | sa 68007760 |
| 040 ## - CATALOGING SOURCE | |
| Original cataloging agency | DLC |
| Transcribing agency | DLC |
| 050 00 - LIBRARY OF CONGRESS CALL NUMBER | |
| Classification number | PK2199.F55 |
| Item number | D43 1966 |
| 100 0# - MAIN ENTRY--PERSONAL NAME | |
| Personal name | Firāq Gorakhpūrī, |
| Dates associated with a name | 1896-1982. |
| 245 10 - TITLE STATEMENT | |
| Title | Dhartī kī karvaṭ : |
| Remainder of title | aur dūsrī buland maqṣad-i naẓmen̲ ; muntak̲h̲ab-i naẓmen̲ / |
| Statement of responsibility, etc. | Firāq Gorakhpūrī. |
| 250 ## - EDITION STATEMENT | |
| Edition statement | 1. ishāʻat. |
| 260 ## - PUBLICATION, DISTRIBUTION, ETC. | |
| Place of publication, distribution, etc. | Allahābād : |
| Name of publisher, distributor, etc. | Sāhityah Kalā Bhavan, |
| Date of publication, distribution, etc. | 1966. |
| 300 ## - PHYSICAL DESCRIPTION | |
| Extent | 172 p. ; |
| Dimensions | 22 cm. |
| 490 0# - SERIES STATEMENT | |
| Series statement | Tak̲h̲līqī adab sīrīz ; |
| Volume/sequential designation | 5 |
| 546 ## - LANGUAGE NOTE | |
| Language note | In Urdu. |
No items available.